| 000 | 00480nam a22001577a 4500 | ||
|---|---|---|---|
| 003 | MACL | ||
| 005 | 20180405120901.0 | ||
| 008 | 180405b xxu||||| |||| 00| 0 eng d | ||
| 040 | _cMACL | ||
| 082 | _a294 | ||
| 100 |
_aस्व. आदित्य प्रसाद मिश्र _971657 |
||
| 245 | _aगीता काव्य | ||
| 260 |
_aदिल्ली _bदेव प्रकाशन _c2015 |
||
| 650 |
_aधर्म _971658 |
||
| 942 |
_2ddc _cHIN |
||
| 999 |
_c57448 _d57448 |
||